000 01285namaa2200373 i 4500
003 EG-GICUC
005 20260110122702.0
008 260110s1987 fr b|||gr|||| 001 0 fre d
020 _a2858027730
020 _a9782858027736
040 _aEG-GiCUC
_bfre
_cEG-GiCUC
_dEG-GiCUC
_erda
043 _af-mr---
082 0 4 _221
_a964.02
_bK454
092 0 4 _221
_a964.02
_bK454
099 _a964.02 K454
100 1 _aKhaneboubi, Ahmed
_eAuthor.
245 1 4 _aLes premiers sultans mérinides :
_b1269-1331 : histoire politique et sociale /
_cAhmed Khaneboubi ; préface de Bernard Guillemain.
264 _aParis :
_bL'Harmattan,
_c1987.
300 _a245 pages :
_bmap ;
_c24 cm.
336 _2rdacontent
_atext
337 _2rdamedia
_aUnmediated
338 _2rdacarrier
_avolume
490 _aCollection Histoire et perspectives méditerranéennes
500 _aIncludes indexes.
500 _a"Les premiers émirs et les premiers sultans mérinides": p. 219.
504 _aBibliography : pages 211-218.
541 _aDr. Jabir Usfour ;
_bCairo ;
_cGift ;
_d2024.
600 3 0 _aBeni Marin dynasty.
650 1 _2qrmak
651 1 _2qrmak
_aMorocco
_xHistory
_y647-1516.
651 1 _aMorocco
_xPolitics and government.
905 _aAsmaa
942 _2ddc
_cBK
_e21
_n0
999 _c177539
_d177539